00965 2200241 4500001002100000005001500021035002500036008004100061245030200102100002400404260006800428300004500496020002200541082000800563084001200571520002000583650002500603990001900628990001900647990001900666990001900685990001900704INLIS00000000000466220200510033433 a0010-121900000004662200510 | ind 1 aAmplop Rezeki :bPara pembaa akan melihat keunikan buku ini. Anda diminta membuktikan dan praktek langsung mengamalkan isi buku ini, tidak usah menunggu waktu yang lama. Berikan amplop rezeki yang ada di dalam buku ini kepada orang lain dan sisipkan pesan bijak di dalamnya! /cUst. Saifuddin Aman0 aUst. Saifuddin Aman aAl Mawardi Prima : Jakarta :bAl Mawardi Prima : Jakarta,c2011 ai.245hlm:14,5x21cm ;ci.245hlm:14,5x21cm a978-979-3862-81-1 a200 a297,273 aAPBD 2019 5 EKS 4aAmplop Rezeki297.273 aB2019103011387 aB2019103011388 aB2019103011389 aB2019103011390 aB2019103011391